000 00554nam a22002177a 4500
003 OSt
005 20260514145508.0
008 260514b |||||||| |||| 00| 0 eng d
020 _a81-7130-480-X
040 _cSBCL
082 _a894.8123
_bBAS-B
100 _aBasheer,Vaikom Muhammad
245 _aBhargaveenilayam
250 _a18th ed.
260 _aKottayam
_bDC Books
_c2023
300 _a199p.
630 _xLiterature
650 _aLiteratures of other languages
650 _aAltaic, Uralic, Hyperborean & Dravidian
942 _cBOOK
999 _c138164
_d138164